Computable Calculus (Record no. 7786)

MARC details
000 -LEADER
fixed length control field 01103cam a22003014a 4500
001 - CONTROL NUMBER
control field 12231379
003 - CONTROL NUMBER IDENTIFIER
control field OSt
005 - DATE AND TIME OF LATEST TRANSACTION
control field 20231002092923.0
008 - FIXED-LENGTH DATA ELEMENTS--GENERAL INFORMATION
fixed length control field 001115s2001 caua b 001 0 eng
010 ## - LIBRARY OF CONGRESS CONTROL NUMBER
LC control number 00111076
020 ## - INTERNATIONAL STANDARD BOOK NUMBER
International Standard Book Number 0120417529 (pbk. : acidfree paper)
020 ## - INTERNATIONAL STANDARD BOOK NUMBER
International Standard Book Number 0120417537 (CDROM)
040 ## - CATALOGING SOURCE
Original cataloging agency DLC
Transcribing agency DDC
Modifying agency DLC
042 ## - AUTHENTICATION CODE
Authentication code pcc
050 00 - LIBRARY OF CONGRESS CALL NUMBER
Classification number QA303.5.D37
Item number A24 2001
082 00 - DEWEY DECIMAL CLASSIFICATION NUMBER
Classification number 515ABE 2001
100 1# - MAIN ENTRY--PERSONAL NAME
Personal name Aberth, Oliver.
9 (RLIN) 15860
245 10 - TITLE STATEMENT
Title Computable Calculus
260 ## - PUBLICATION, DISTRIBUTION, ETC. (IMPRINT)
Place of publication, distribution, etc. San Diego;
Name of publisher, distributor, etc. Academic Press,
Date of publication, distribution, etc. c,2001.
300 ## - PHYSICAL DESCRIPTION
Extent xiii, 192 p. :
Other physical details ill. ;
Dimensions 24 cm. +
Accompanying material 1 computer optical disc (4 3/4 in.)
504 ## - BIBLIOGRAPHY, ETC. NOTE
Bibliography, etc Includes bibliographical references (p. 185-188) and index.
650 #0 - SUBJECT ADDED ENTRY--TOPICAL TERM
Topical term or geographic name as entry element Calculus
9 (RLIN) 15861
856 42 - ELECTRONIC LOCATION AND ACCESS
Materials specified Publisher description
Uniform Resource Identifier http://www.loc.gov/catdir/description/els031/00111076.html
856 41 - ELECTRONIC LOCATION AND ACCESS
Materials specified Table of contents
Uniform Resource Identifier http://www.loc.gov/catdir/toc/els031/00111076.html
906 ## - LOCAL DATA ELEMENT F, LDF (RLIN)
a 7
b cbc
c orignew
d 2
e epcn
f 20
g y-gencatlg
942 ## - ADDED ENTRY ELEMENTS (KOHA)
Source of classification or shelving scheme Dewey Decimal Classification
Koha item type Open Shelf
Holdings
Withdrawn status Lost status Source of classification or shelving scheme Damaged status Not for loan Home library Current library Date acquired Source of acquisition Inventory number Total Checkouts Full call number Barcode Date last seen Price effective from Koha item type
    Dewey Decimal Classification     MUST Main Library MUST Main Library 03/03/2022 Donation 05/23323   515ABE 2001 2022-0395 03/03/2022 03/03/2022 Open Shelf